00290nam a2200109Ia 4500008004100000020001800041082001400059100003100073245004700104260001000151500001900161260604s9999 xx 000 0 und d a9781786172624 a808.3 KEL aMiles Kelly Publishing Ltd 0aIllustrated Treasury of The Brothers Grimm bSHREE aBrothers Grimm